000 00856nam a2200229 a 4500
001 000025845
005 20200930024108.0
008 110223s1973 ag r 000 0 spa d
040 _aDO-SdBNP
_bspa
_cBNPHU
041 1 7 _aspa
_heng
_2Código de idiomas MARC
082 _ann*
_bnn*
100 1 _aRivers, William L.
_952675
240 1 0 _aResponsibility in mass communication.
_lEspañol
245 1 0 _aResponsabiliad y comunicación de masas /
_cWilliam L. Rivers y Wilbur Schramm ; traducción de Andrés Pirk.
260 _aBuenos Aires :
_bTroquel,
_c1973.
300 _a354 p. ;
_c22 cm.
534 _aTítulo del original inglés :
_tResponsibility in mass communication
500 _aIncluye referencias bibliográficas y notas al pie de las páginas.
700 1 _aPirk, Andrés,
_etr.
_952676
700 1 _aSchramm, Wilbur.
_952677
049 _aBNGR
999 _c25337
_d25337